| 000 | 00410nam a2200145Ia 4500 | ||
|---|---|---|---|
| 008 | 230917s9999||||xx |||||||||||||| ||und|| | ||
| 040 |
_e162349 _aMAIN |
||
| 041 | _aEnglish | ||
| 082 | _a891.433711 VN215S | ||
| 100 | _aवाजपेयी, निर्मला | ||
| 245 | 0 | _aसूखा सैलाब | |
| 260 |
_aदिल्ली _bराजपाल _c1971 |
||
| 300 | _a93पृ. p. | ||
| 942 | _cHN | ||
| 999 |
_c93425 _d93425 |
||